00459nam a2200145Ia 4500008004100000041000800041082001200049100001800061245002500079260003400104300002900138365001100167999001700178952011800195240624s9999 xx 000 0 und d aeng a425 HOR aHOROBIN SIMON aDOES SPELLING MATTER c2013aNew DelhibOxford India ax, : 270 : p. : cm. ; 22 cRSb31 c23336d23336 00104070aIMTNbIMTNcRack 15-Bd2014-10-07eAPg995.00o425 HORp23336r2024-06-24 00:00:00t1w2024-06-24yBK